Prezentačné zručnosti nielen správneho učiteľa

Niekoľko vybraných názorov k správnemu smerovaniu efektívneho prezentovania. Situácie pre ktoré je prezentovanie uskutočňované. Vytváranie a zložky efektívnej prezentácie.

Salvato in:
Dettagli Bibliografici
Autore principale: Pasiar, Ladislav, 1984-
Natura: Capitolo di libro
Lingua:slovacco
Soggetti:
Tags: Aggiungi Tag
Nessun Tag, puoi essere il primo ad aggiungerne!!

MARC

LEADER 00000nla$a2200000$$$4500
001 0148830
005 20240502072658.2
041 0 |a slo 
044 |a SK 
245 1 0 |a Prezentačné zručnosti nielen správneho učiteľa  |c Ladislav Pasiar 
520 |a Niekoľko vybraných názorov k správnemu smerovaniu efektívneho prezentovania. Situácie pre ktoré je prezentovanie uskutočňované. Vytváranie a zložky efektívnej prezentácie. 
610 2 0 |a prezentácia 
610 2 0 |a inštitúcie vzdelávacie 
610 2 0 |a didaktika 
610 2 0 |a vyučovanie programové 
610 2 0 |a komunikácia 
610 2 0 |a zručnosti 
610 2 0 |a efektívnosť 
100 1 |a Pasiar, Ladislav, 1984-